| 000 | 00565cam a22002053a 4500 | ||
|---|---|---|---|
| 001 | 40418 | ||
| 003 | PGUSA | ||
| 005 | 20140828083913.0 | ||
| 008 | 120806s2012||||xxu|||||s|||||000 | eng d | ||
| 040 |
_aPGUSA _beng |
||
| 042 | _adc | ||
| 100 | 1 |
_aWood, Henry _cMrs |
|
| 245 | 1 | 0 |
_aIt May Be True Volume 1 of 3 _h[electronic resource] / _cHenry Wood |
| 260 |
_bProject Gutenberg, _c2012 |
||
| 506 | _aPublic domain in the USA. | ||
| 516 | _aElectronic text | ||
| 830 | 0 |
_aProject Gutenberg _v40418 |
|
| 856 | 4 | 0 | _uhttp://www.gutenberg.org/ebooks/40418 |
| 942 | _cEB | ||
| 999 |
_c269671 _d269671 |
||